00885nam a2200253Ia 4500003000400000005001700004008004100021020001500062040001800077041000800095082002100103100001700124245005300141250001200194260005000206300002600256650004200282650004600324650005000370700003000420942003100450999001900481952013100500OSt20220607095846.0210716s1998 xx 000 0 und d a056608015X cAIMIT LIBRARY aeng a658.31221bJANE aJane.940739 aManaging people /cBy Jane and Chris Churchouse. a1st ed. aEngland :bGower management workbook ,c1998. axiii, 207p. ;c23 cm. aWhat to do when someone leaves940740 aProviding informal training events940742 aThe four steps to effective discipline940743 aChurchouse, Chris.940741 2ddccBKe1stk658.312 JANE c200403d200403 00102ddc40708MBAaAIMITbAIMITd2006-01-21g495.00l0o658.312 JANEpMBA02968r2025-07-21 00:00:00v396.00w2021-07-16yBK